Hamlet, kráľovič dánsky

Podrobná bibliografia
Hlavný autor: Shakespeare, William, 1564-1616 (Autor)
Ďalší autori: Hviezdoslav, Pavol Országh, 1849-1921 (Prekladateľ)
Médium: Článok
Jazyk:slovenčina
angličtina
Predmet:

MARC

LEADER 00000cab a2200000 a 4500
001 vtls011513973
003 SK-MaSNL
005 20260305004615.0
008 180924|1903 xo |||||||||||||||||slo|
015 |a SNBRB 
035 |a (urnnbn)urn:nbn:sk:snk:ar-001evu 
035 |a (uuid)0b0ca107-6a8a-4a90-b9ee-c1be4fd385ab 
035 |a urn:nbn:sk:snk-abe3yb 
040 |a SNKBUCL  |b slo  |c SNKBUCL  |e AACR2 
041 1 |a slo  |h eng 
044 |a xo  |c SK 
080 |a 821.111-2  |2 2001 
100 1 |a Shakespeare, William,  |d 1564-1616  |4 aut  |9 92336 
245 1 0 |a Hamlet, kráľovič dánsky  |c V. Shakespeare ; preložil Hviezdoslav 
655 7 |a anglické drámy  |2 SNKPH  |9 278006 
655 7 |a tragédie  |2 SNKPH  |9 74384 
655 7 |a úryvky  |2 SNKPH  |9 84604 
700 1 |a Hviezdoslav, Pavol Országh,  |d 1849-1921  |4 trl  |9 92721 
773 0 |t Slovenské pohľady  |g Roč. 23, č. 3 (1903), s. 148-167 
958 |a ONDV 
958 |a article21 
999 |c 3236469  |d 3238399